000 00428 a2200157 4500
001 60928
020 _a8516039765
040 _cAnchieta - Pituba
100 _aAzevedo, Álvares de
240 1 0 _aNoite na taverna e poemas escolhidos (de Lira dos vinte anos)
_lpor
245 1 0 _aNoite na taverna e poemas escolhidos (de Lira dos vinte anos)
300 _a116
362 0 _a2004
650 4 _aFicção brasileira
942 _cBK
999 _c60928
_d60928